Effect of pulsed infrared radiation on fracture healing : a study in rabbits /
Saved in:
| Main Author: | |
|---|---|
| Format: | Thesis |
| Language: | English |
| Published: |
Pulau Pinang :
Universiti Sains Malaysia,
2004
|
| Subjects: | |
| Tags: |
Add Tag
No Tags, Be the first to tag this record!
|
| LEADER | 012070000a22002770004500 | ||
|---|---|---|---|
| 008 | 141224s2004 my a f m 000 0 eng d | ||
| 040 | |a UIAM |b eng |e rda | ||
| 043 | |a a-my--- | ||
| 050 | 0 | |a RM857 | |
| 100 | 0 | |a Mohamed Azril Mohamed Amin, |e author | |
| 245 | 1 | 0 | |a Effect of pulsed infrared radiation on fracture healing : |b a study in rabbits / |c by Mohamed Azril Mohamed Amin |
| 264 | 1 | |a Pulau Pinang : |b Universiti Sains Malaysia, |c 2004 | |
| 300 | |a viii, 82 leaves : |b illustrations ; |c 30 cm. | ||
| 336 | |2 rdacontent |a text | ||
| 337 | |2 rdamedia |a unmediated | ||
| 338 | |2 rdacarrier |a volume | ||
| 500 | |a "Dissertation submitted in partial fulfillment of the requirements for the Degree of Master of Medicine (Orthopaedics)."--On title page. | ||
| 502 | |a Thesis (M.Med)--Universiti Sains Malaysia, 2004. | ||
| 504 | |a Includes bibliographical references (leaves [74]-82). | ||
| 546 | |a Abstract in Malay and English. | ||
| 596 | |a 6 | ||
| 655 | 0 | 7 | |a Theses, non-IIUM |
| 710 | 2 | |a Universiti Sains Malaysia | |
| 900 | |a oc-amr-hj-lfr | ||
| 999 | |c 436916 |d 467607 | ||
| 952 | |0 0 |6 T RM 000857 M697E 2004 |7 0 |8 THESES |9 759683 |a KIMC |b KIMC |c CLOSEACCES |g 0.00 |o t RM 857 M697E 2004 |p 11100320531 |r 2019-09-04 |t 1 |v 0.00 |y THESIS | ||
